1000 Most Common Japanese Surnames - Statistics

General Stats
  • This quiz has been taken 65 times
  • The average score is 88 of 1000
Answer Stats
Rank Surname Frequency % Correct
872 Ko 23,134
73%
1 Sato 1,957,222
68%
416 Kan 54,138
65%
522 Naka 41,503
62%
7 Yamamoto 1,131,374
62%
3 Tanaka 1,414,306
59%
215 Oka 109,663
57%
130 Oda 161,321
54%
9 Kobayashi 1,075,457
51%
23 Mori 521,171
51%
8 Nakamura 1,123,805
51%
941 Saka 20,742
51%
21 Abe 547,601
49%
478 Shima 46,009
49%
5 Takahashi 1,343,496
49%
13 Yamada 847,534
49%
73 Honda 233,144
46%
379 Kita 60,885
46%
76 Miyazaki 226,430
46%
247 Nishi 95,558
46%
2 Suzuki 1,889,310
46%
63 Ishida 279,066
43%
15 Matsumoto 684,576
43%
25 Hashimoto 472,821
41%
198 Minami 116,804
41%
72 Miyamoto 244,259
41%
22 Ono 523,106
41%
391 Ino 58,976
38%
59 Kojima 294,967
38%
41 Ota 365,917
38%
10 Saito 1,037,654
38%
4 Watanabe 1,364,264
38%
94 Chiba 201,756
35%
6 Ito 1,240,179
35%
324 Kishi 71,827
35%
813 Oki 25,273
35%
16 Yamaguchi 673,597
35%
12 Yoshida 866,856
35%
55 Fujiwara 314,949
32%
67 Hara 259,549
32%
933 Ima 20,949
32%
888 Kin 22,527
32%
220 Nakai 108,608
32%
523 Oi 41,466
32%
39 Sakai 385,483
32%
45 Endo 346,589
30%
20 Hayashi 571,965
30%
26 Ikeda 467,663
30%
327 Kai 71,414
30%
11 Kato 936,216
30%
60 Morita 292,234
30%
254 Murayama 94,168
30%
239 Nagano 100,750
30%
428 Nakamoto 50,899
30%
35 Okada 398,215
30%
32 Sakamoto 407,966
30%
99 Takada 195,664
30%
521 Yamagata 41,773
30%
17 Inoue 648,788
27%
138 Kawasaki 156,585
27%
18 Kimura 601,499
27%
545 Kishida 39,470
27%
625 Koda 34,227
27%
58 Matsuda 300,605
27%
54 Nakagawa 316,676
27%
48 Nakano 330,345
27%
742 Nakaya 27,832
27%
52 Nishimura 322,477
27%
162 Noda 140,825
27%
860 Takaya 23,657
27%
296 Toda 79,691
27%
800 Yamato 25,528
27%
27 Yamazaki 451,852
27%
493 Akita 44,888
24%
68 Ando 256,929
24%
50 Fukuda 324,631
24%
819 Hama 25,058
24%
136 Higashi 156,661
24%
28 Ishikawa 449,414
24%
134 Morimoto 159,395
24%
174 Nagata 130,628
24%
24 Nakajima 505,377
24%
110 Nakata 185,598
24%
909 Okayama 21,787
24%
665 Oku 31,711
24%
106 Oya 190,561
24%
126 Ozawa 165,770
24%
93 Sakurai 205,697
24%
70 Shimada 245,914
24%
444 Takai 49,440
24%
666 Takao 31,674
24%
61 Tamura 291,575
24%
390 Toyama 59,009
24%
43 Ueda 351,380
24%
929 Ura 21,067
24%
928 Wakayama 21,118
24%
29 Yamashita 438,361
24%
137 Akiyama 156,617
22%
201 Fukui 114,640
22%
369 Hata 62,834
22%
79 Imai 222,643
22%
582 Kagawa 36,934
22%
217 Kano 109,558
22%
210 Kitagawa 111,185
22%
121 Kitamura 171,191
22%
399 Kitano 58,052
22%
186 Koga 123,720
22%
38 Kondo 387,221
22%
96 Kubo 200,931
22%
272 Nagao 87,123
22%
789 Nagasaki 25,787
22%
62 Nakayama 288,151
22%
252 Oba 94,730
22%
53 Okamoto 318,986
22%
815 Osaka 25,257
22%
147 Oshima 152,561
22%
376 Otani 61,751
22%
19 Shimizu 574,021
22%
242 Tada 99,898
22%
231 Takayama 105,410
22%
91 Takeda 208,311
22%
274 Tani 85,644
22%
114 Yasuda 180,996
22%
183 Yoshino 126,112
22%
46 Aoki 343,292
19%
238 Aoyama 101,372
19%
49 Fujii 326,944
19%
83 Fujimoto 218,875
19%
37 Fujita 390,177
19%
118 Fukushima 172,974
19%
544 Fukuyama 39,477
19%
33 Goto 403,680
19%
127 Hamada 165,476
19%
57 Harada 302,235
19%
655 Hase 32,384
19%
299 Hoshi 78,804
19%
143 Iwata 155,812
19%
269 Kanda 89,189
19%
286 Kishimoto 81,960
19%
627 Kitayama 34,161
19%
85 Kono 217,499
19%
981 Kumamoto 19,625
19%
172 Kuroda 133,096
19%
34 Maeda 401,283
19%
216 Matsubara 109,560
19%
92 Matsui 207,369
19%
323 Matsuyama 71,929
19%
502 Mishima 43,913
19%
56 Miura 305,855
19%
347 Miyagi 67,100
19%
335 Miyazawa 69,062
19%
956 Motoki 20,354
19%
40 Murakami 372,186
19%
86 Murata 215,316
19%
107 Nagai 189,489
19%
207 Nagashima 112,544
19%
610 Nara 35,096
19%
120 Nishida 171,210
19%
367 Nishimoto 63,048
19%
178 Nishiyama 128,979
19%
226 Okazaki 106,849
19%
167 Ozaki 137,070
19%
915 Shimamoto 21,494
19%
424 Shinoda 52,221
19%
82 Sugiyama 218,933
19%
340 Takashima 67,771
19%
248 Toyoda 95,423
19%
64 Wada 278,340
19%
144 Yoshimura 154,912
19%
153 Baba 147,657
16%
432 Fukuoka 50,553
16%
36 Hasegawa 392,504
16%
88 Hirano 212,509
16%
892 Hojo 22,369
16%
173 Hori 131,459
16%
297 Hosokawa 79,185
16%
104 Ichikawa 191,497
16%
95 Ida 201,715
16%
151 Ishihara 148,076
16%
31 Ishii 419,407
16%
260 Kamiya 92,373
16%
250 Kawamoto 95,268
16%
84 Kawamura 218,766
16%
74 Koyama 227,193
16%
431 Maki 50,830
16%
158 Matsushita 142,707
16%
603 Mita 35,508
16%
194 Miyata 119,261
16%
433 Moriya 50,275
16%
228 Nakao 106,173
16%
123 Nishikawa 170,047
16%
294 Nishio 80,186
16%
100 Nomura 195,611
16%
30 Ogawa 429,058
16%
163 Ohara 140,736
16%
273 Okawa 85,899
16%
14 Sasaki 707,008
16%
454 Senda 48,655
16%
491 Shiba 45,028
16%
591 Shiga 36,436
16%
204 Shinohara 113,878
16%
650 Tagawa 32,706
16%
318 Takei 73,356
16%
47 Takeuchi 334,332
16%
78 Ueno 224,388
16%
356 Yamakawa 66,356
16%
145 Yamanaka 153,323
16%
581 Yanagi 36,972
16%
695 Yoda 29,943
16%
508 Yoshii 42,977
16%
349 Yoshimoto 66,761
16%
109 Adachi 186,318
14%
360 Akimoto 65,397
14%
44 Arai 347,441
14%
159 Araki 142,366
14%
155 Asano 145,916
14%
927 Eda 21,155
14%
304 Hirota 77,457
14%
185 Ishibashi 125,124
14%
289 Kanazawa 80,892
14%
116 Kawaguchi 179,878
14%
755 Kazama 27,211
14%
98 Kinoshita 198,568
14%
696 Kitada 29,796
14%
447 Kitajima 49,172
14%
907 Kobe 21,934
14%
160 Koike 141,930
14%
561 Komura 38,242
14%
81 Kudo 219,043
14%
331 Kurosawa 70,297
14%
175 Matsumura 129,553
14%
218 Matsunaga 109,105
14%
285 Morikawa 82,019
14%
492 Morioka 44,980
14%
279 Moriyama 83,913
14%
255 Muto 94,012
14%
398 Nagaoka 58,107
14%
485 Nagayama 45,424
14%
232 Nakazawa 105,169
14%
960 Nishii 20,252
14%
326 Nishino 71,472
14%
264 Oikawa 91,235
14%
244 Okamura 97,273
14%
361 Omura 65,270
14%
241 Onodera 100,231
14%
102 Sano 193,926
14%
728 Sawa 28,466
14%
662 Shina 31,807
14%
477 Sugihara 46,027
14%
124 Takano 169,213
14%
768 Taki 26,705
14%
77 Taniguchi 226,309
14%
980 Tono 19,661
14%
500 Torii 43,995
14%
69 Uchida 254,473
14%
677 Yamano 30,938
14%
461 Yamaoka 47,905
14%
112 Yoshikawa 182,891
14%
791 Yuki 25,751
14%
513 Aida 42,440
11%
634 Arima 33,519
11%
384 Asada 59,802
11%
257 Asai 93,563
11%
182 Doi 127,380
11%
395 Fujikawa 58,566
11%
404 Fujino 57,641
11%
336 Fujisawa 68,966
11%
321 Fukumoto 72,122
11%
108 Furukawa 188,825
11%
766 Goda 26,738
11%
135 Hattori 157,432
11%
179 Hayakawa 128,112
11%
651 Hida 32,689
11%
133 Hirata 159,755
11%
150 Hirose 148,219
11%
161 Hoshino 141,905
11%
669 Ichinose 31,437
11%
278 Inaba 84,805
11%
673 Ishimoto 31,154
11%
890 Ishino 22,474
11%
229 Izumi 105,960
11%
881 Kagami 22,910
11%
552 Kaji 38,728
11%
298 Kanai 78,896
11%
569 Kawada 37,823
11%
921 Kawana 21,329
11%
850 Kawanishi 23,924
11%
465 Kawano 47,174
11%
165 Kawashima 140,527
11%
567 Kimoto 37,904
11%
455 Kitahara 48,444
11%
826 Kiyota 24,896
11%
225 Makino 106,924
11%
80 Maruyama 220,250
11%
565 Matsukawa 37,983
11%
501 Matsuno 43,975
11%
284 Mikami 82,023
11%
270 Miyagawa 87,868
11%
417 Miyahara 54,012
11%
727 Miyano 28,500
11%
769 Moriguchi 26,635
11%
851 Morinaga 23,912
11%
935 Morishima 20,878
11%
357 Murai 65,956
11%
955 Muraki 20,393
11%
317 Nagasawa 73,561
11%
169 Naito 136,222
11%
474 Nanba 46,311
11%
654 Okita 32,471
11%
214 Okumura 110,044
11%
589 Otsu 36,523
11%
224 Sakata 107,065
11%
442 Shimamura 49,826
11%
423 Shimazaki 52,665
11%
371 Shimoda 62,381
11%
164 Sudo 140,699
11%
103 Sugimoto 193,157
11%
332 Tachibana 69,960
11%
205 Tajima 113,226
11%
75 Takagi 227,063
11%
676 Takahara 30,997
11%
506 Takamatsu 43,212
11%
646 Takaoka 33,130
11%
761 Takasaki 26,916
11%
449 Tezuka 48,970
11%
920 Tojo 21,348
11%
308 Tsuda 76,866
11%
140 Tsuji 156,326
11%
342 Umeda 67,601
11%
71 Yokoyama 244,331
11%
538 Yoshinaga 39,880
11%
353 Aizawa 66,676
8%
520 Akiba 41,779
8%
407 Fujioka 56,780
8%
620 Fujisaki 34,553
8%
883 Fujishima 22,846
8%
486 Fukuhara 45,413
8%
617 Hamamoto 34,787
8%
580 Handa 37,030
8%
483 Ikegami 45,641
8%
720 Imoto 28,901
8%
468 Ishiyama 46,918
8%
510 Ishizaki 42,730
8%
259 Izuka 92,801
8%
548 Kamiyama 39,072
8%
293 Kaneda 80,478
8%
51 Kaneko 322,779
8%
258 Kasai 93,018
8%
476 Kashiwagi 46,034
8%
315 Kawabata 73,967
8%
101 Kawai 194,396
8%
595 Kida 36,207
8%
458 Kido 48,410
8%
42 Kikuchi 357,103
8%
639 Kitazawa 33,414
8%
202 Koizumi 114,623
8%
195 Konno 117,972
8%
87 Kubota 213,039
8%
902 Maeno 22,036
8%
511 Masaki 42,538
8%
66 Masuda 259,747
8%
105 Matsuo 191,429
8%
152 Matsuoka 147,873
8%
359 Matsushima 65,806
8%
487 Matsuzawa 45,274
8%
330 Miki 70,485
8%
936 Minato 20,872
8%
509 Mitsui 42,970
8%
488 Miyajima 45,255
8%
319 Miyoshi 72,567
8%
895 Morii 22,230
8%
262 Morishita 91,750
8%
303 Nakahara 77,607
8%
287 Nakatani 81,904
8%
213 Narita 110,136
8%
503 Nishihara 43,912
8%
703 Nishitani 29,626
8%
90 Noguchi 209,523
8%
844 Nojima 24,240
8%
555 Nomoto 38,537
8%
992 Noro 19,369
8%
351 Nozaki 66,738
8%
403 Nozawa 57,649
8%
212 Ogata 110,810
8%
292 Okano 80,626
8%
149 Okubo 149,450
8%
209 Omori 111,251
8%
586 Osaki 36,638
8%
397 Otsuki 58,279
8%
394 Ouchi 58,629
8%
758 Sagawa 26,992
8%
188 Sakaguchi 123,591
8%
240 Sakuma 100,731
8%
729 Sanada 28,350
8%
967 Sasahara 20,067
8%
906 Sawamura 21,956
8%
430 Seto 50,834
8%
65 Shibata 267,537
8%
723 Shimazu 28,794
8%
414 Shimomura 55,225
8%
438 Shimura 49,920
8%
200 Shoji 114,876
8%
316 Sugita 73,621
8%
725 Tachikawa 28,575
8%
146 Taguchi 153,209
8%
142 Tanabe 155,830
8%
405 Tanigawa 57,002
8%
362 Tokunaga 65,095
8%
197 Uehara 117,235
8%
859 Uesugi 23,662
8%
288 Yamane 81,291
8%
122 Yamauchi 170,472
8%
421 Yokoi 53,132
8%
184 Yokota 125,429
8%
574 Aikawa 37,305
5%
420 Aoyagi 53,676
5%
295 Arakawa 79,848
5%
830 Asagawa 24,770
5%
772 Ashida 26,591
5%
706 Egawa 29,457
5%
266 Enomoto 90,799
5%
437 Eto 49,927
5%
615 Fujimori 34,839
5%
893 Fukuchi 22,345
5%
977 Fukuzawa 19,758
5%
354 Furuta 66,596
5%
479 Hamaguchi 45,793
5%
572 Hamazaki 37,696
5%
495 Hanada 44,814
5%
440 Hayashida 49,843
5%
409 Hika 56,376
5%
119 Hino 172,769
5%
964 Hiraga 20,151
5%
180 Hirai 127,971
5%
945 Hirokawa 20,633
5%
206 Honma 112,753
5%
338 Horie 68,263
5%
462 Horiguchi 47,718
5%
546 Hosaka 39,376
5%
614 Ichihara 34,890
5%
314 Ide 74,782
5%
686 Igawa 30,394
5%
265 Ijima 91,183
5%
737 Ikuta 28,030
5%
684 Imada 30,614
5%
237 Imamura 102,383
5%
456 Irie 48,441
5%
842 Ishizawa 24,280
5%
313 Iwai 75,789
5%
637 Iwaki 33,453
5%
713 Iwanaga 29,232
5%
994 Iwatani 19,343
5%
641 Izawa 33,312
5%
512 Kageyama 42,500
5%
680 Kashima 30,730
5%
221 Kataoka 108,377
5%
187 Katayama 123,677
5%
894 Katsuta 22,284
5%
871 Kawagoe 23,158
5%
481 Kawahara 45,756
5%
125 Kawakami 166,485
5%
471 Kawase 46,613
5%
128 Komatsu 165,020
5%
519 Komiya 41,790
5%
762 Komiyama 26,860
5%
396 Komori 58,421
5%
199 Konishi 115,918
5%
334 Kosaka 69,526
5%
757 Kume 27,036
5%
343 Kuroki 67,562
5%
307 Machida 76,893
5%
782 Mano 26,234
5%
663 Matsugi 31,746
5%
168 Matsuura 136,517
5%
309 Matsuzaki 76,864
5%
793 Mine 25,729
5%
256 Miyashita 93,790
5%
738 Miyawaki 28,018
5%
439 Mizoguchi 49,862
5%
263 Mizutani 91,386
5%
339 Mukai 68,030
5%
588 Muraoka 36,537
5%
818 Nagasaka 25,077
5%
554 Nasu 38,590
5%
441 Ninomiya 49,834
5%
333 Nishioka 69,855
5%
856 Nishishima 23,790
5%
971 Nishiura 19,968
5%
408 Niwa 56,570
5%
710 Nohara 29,304
5%
344 Nonaka 67,510
5%
776 Obayashi 26,477
5%
618 Oe 34,681
5%
154 Ohashi 146,875
5%
193 Oishi 119,582
5%
223 Okuda 107,382
5%
363 Okuyama 64,745
5%
974 Omi 19,869
5%
111 Onishi 185,044
5%
300 Otake 78,784
5%
527 Otomo 41,072
5%
953 Oura 20,449
5%
350 Sakakibara 66,758
5%
730 Sakano 28,282
5%
679 Sanjo 30,821
5%
129 Seki 164,025
5%
233 Shibuya 104,170
5%
377 Shindo 61,701
5%
446 Shinozaki 49,289
5%
352 Shinta 66,697
5%
253 Shirai 94,707
5%
693 Sugimura 29,997
5%
754 Suka 27,282
5%
434 Tahara 50,132
5%
366 Taira 63,242
5%
963 Tajiri 20,157
5%
986 Takahata 19,537
5%
329 Takemoto 70,606
5%
382 Takemura 60,125
5%
389 Takeshita 59,105
5%
778 Takeyama 26,458
5%
954 Takezawa 20,417
5%
311 Takizawa 76,547
5%
616 Tamai 34,790
5%
282 Tamaki 83,021
5%
905 Tanimura 21,978
5%
652 Tatsumi 32,535
5%
947 Tazawa 20,583
5%
235 Terada 102,991
5%
553 Toshima 38,715
5%
515 Tsujimoto 42,348
5%
219 Uchiyama 108,847
5%
848 Umezu 24,024
5%
837 Urano 24,365
5%
771 Urata 26,598
5%
808 Utsunomiya 25,353
5%
276 Wakabayashi 84,965
5%
328 Yamagishi 70,776
5%
157 Yano 144,425
5%
320 Yoneda 72,533
5%
156 Yoshioka 144,448
5%
970 Yoshizaki 19,988
5%
302 Yoshizawa 78,066
5%
484 Aihara 45,621
3%
718 Akamatsu 29,047
3%
790 Akasaka 25,761
3%
832 Amamiya 24,619
3%
243 Amano 97,761
3%
747 Anzai 27,641
3%
634 Arita 33,519
3%
672 Bando 31,181
3%
802 Chino 25,475
3%
418 Deguchi 53,806
3%
660 Ebihara 32,086
3%
291 Eguchi 80,715
3%
749 Ezaki 27,442
3%
670 Fujiki 31,273
3%
411 Fujimura 56,129
3%
962 Fukai 20,206
3%
629 Fukaya 34,088
3%
436 Fukunaga 49,933
3%
877 Funaki 23,028
3%
426 Haga 51,746
3%
469 Hamano 46,771
3%
514 Haraguchi 42,354
3%
626 Hashiguchi 34,173
3%
475 Hatake 46,075
3%
505 Hatanaka 43,438
3%
393 Hatano 58,755
3%
422 Hidaka 53,083
3%
148 Higuchi 151,653
3%
551 Hirabayashi 38,781
3%
429 Hiramatsu 50,868
3%
975 Hiramoto 19,852
3%
656 Hirao 32,346
3%
601 Hirasawa 35,839
3%
700 Hiratsuka 29,754
3%
903 Honjo 21,999
3%
470 Horikawa 46,758
3%
281 Horiuchi 83,160
3%
541 Hosoda 39,640
3%
690 Hosoi 30,221
3%
325 Hotta 71,602
3%
584 Ichimura 36,644
3%
132 Igarashi 160,183
3%
365 Iguchi 63,732
3%
579 Ihara 37,054
3%
822 Ikemoto 24,998
3%
733 Imanishi 28,256
3%
568 Imura 37,901
3%
427 Inada 50,919
3%
275 Inagaki 85,416
3%
667 Inui 31,572
3%
400 Ishiguro 57,855
3%
443 Isobe 49,770
3%
648 Itagaki 33,029
3%
784 Iwama 26,024
3%
628 Iwasa 34,157
3%
113 Iwasaki 182,766
3%
452 Iwase 48,712
3%
564 Iwashita 38,059
3%
760 Kadota 26,944
3%
810 Kadoya 25,331
3%
372 Kajiwara 62,094
3%
191 Kamata 120,015
3%
415 Kamei 54,915
3%
576 Kameyama 37,200
3%
838 Kamino 24,336
3%
802 Kanemaru 25,475
3%
823 Kanzaki 24,976
3%
781 Kase 26,318
3%
489 Katagiri 45,203
3%
463 Katsumata 47,616
3%
498 Kawabe 44,213
3%
410 Kawara 56,295
3%
537 Kihara 40,247
3%
880 Kijima 22,921
3%
196 Kodama 117,957
3%
924 Koguchi 21,247
3%
941 Kojo 20,742
3%
638 Komuro 33,452
3%
698 Kosugi 29,771
3%
573 Kuno 37,667
3%
968 Kurahashi 20,065
3%
445 Kurata 49,311
3%
560 Kuriyama 38,300
3%
322 Kurokawa 72,120
3%
752 Kusaka 27,295
3%
847 Kuwata 24,194
3%
267 Maekawa 89,376
3%
490 Manabe 45,202
3%
533 Minakawa 40,716
3%
961 Minegishi 20,225
3%
631 Misawa 33,870
3%
543 Mitani 39,545
3%
211 Miyake 111,154
3%
862 Miyasaka 23,571
3%
115 Mizuno 180,719
3%
717 Mizushima 29,062
3%
886 Mochida 22,668
3%
181 Mochizuki 127,396
3%
715 Moritani 29,128
3%
879 Munakata 22,926
3%
306 Muramatsu 77,088
3%
817 Naganuma 25,190
3%
925 Nagatomo 21,230
3%
599 Nakane 35,894
3%
131 Nakanishi 161,009
3%
870 Nakatsuka 23,259
3%
997 Nanbu 19,321
3%
643 Naruse 33,275
3%
863 Natsume 23,495
3%
412 Negishi 55,401
3%
744 Nishiguchi 27,728
3%
459 Numata 48,192
3%
346 Obata 67,182
3%
472 Ochi 46,569
3%
796 Odaka 25,595
3%
271 Ogasawara 87,626
3%
177 Ogura 129,312
3%
448 Ohira 49,085
3%
268 Okabe 89,356
3%
824 Okajima 24,946
3%
388 Okuno 59,192
3%
594 Okura 36,280
3%
825 Oshita 24,944
3%
89 Otsuka 211,954
3%
779 Saijo 26,382
3%
593 Sakashita 36,319
3%
764 Sako 26,760
3%
908 Sasakawa 21,822
3%
141 Sawada 156,253
3%
716 Sawai 29,106
3%
969 Serizawa 20,028
3%
763 Shibayama 26,788
3%
864 Shida 23,488
3%
949 Shigematsu 20,532
3%
743 Shimabukuro 27,757
3%
708 Shimokawa 29,374
3%
556 Shioda 38,536
3%
874 Shiomi 23,121
3%
234 Shiraishi 103,560
3%
978 Shirota 19,735
3%
704 Soga 29,600
3%
466 Soma 47,163
3%
592 Someya 36,351
3%
419 Sonoda 53,732
3%
355 Suda 66,477
3%
608 Sugai 35,207
3%
97 Sugawara 200,833
3%
773 Sugino 26,579
3%
649 Tabuchi 32,846
3%
820 Takehara 25,037
3%
374 Takenaka 61,873
3%
624 Takiguchi 34,417
3%
570 Takimoto 37,777
3%
976 Tamada 19,794
3%
494 Tanimoto 44,826
3%
280 Tashiro 83,577
3%
889 Tokita 22,489
3%
139 Tomita 156,528
3%
899 Totsuka 22,110
3%
368 Tsuchita 63,035
3%
683 Tsukahara 30,617
3%
246 Tsunoda 96,215
3%
736 Tsushima 28,047
3%
435 Tsutsui 50,039
3%
797 Uda 25,591
3%
612 Uematsu 35,018
3%
166 Uemura 138,156
3%
702 Umehara 29,630
3%
378 Uno 61,685
3%
534 Usami 40,660
3%
290 Usui 80,868
3%
605 Wakamatsu 35,342
3%
203 Yagi 114,280
3%
788 Yaguchi 25,798
3%
385 Yajima 59,682
3%
456 Yanagida 48,441
3%
849 Yanagihara 23,962
3%
364 Yanagisawa 64,719
3%
383 Yasui 59,946
3%
828 Yata 24,852
3%
932 Yazawa 20,969
3%
861 Yokokawa 23,646
3%
1000 Yonekura 19,248
3%
563 Yonezawa 38,072
3%
453 Yuasa 48,672
3%
865 Agatsuma 23,466
0%
952 Akabane 20,457
0%
709 Akagi 29,305
0%
795 Akashi 25,691
0%
653 Akutsu 32,513
0%
867 Aono 23,359
0%
622 Aragaki 34,530
0%
926 Araya 21,194
0%
833 Ariga 24,461
0%
497 Asakura 44,488
0%
829 Asanuma 24,813
0%
719 Asou 28,959
0%
933 Atsumi 20,949
0%
993 Chinen 19,349
0%
245 Daisen 96,394
0%
786 Dobashi 25,941
0%
657 Ebara 32,194
0%
525 Enzan 41,247
0%
799 Fukata 25,534
0%
402 Fukazawa 57,686
0%
957 Funakoshi 20,339
0%
982 Furuhashi 19,620
0%
529 Furusawa 41,010
0%
208 Furuya 111,551
0%
901 Furuyama 22,051
0%
711 Fuse 29,286
0%
640 Gezan 33,322
0%
916 Gunji 21,414
0%
192 Hagihara 119,923
0%
809 Hakucho 25,344
0%
973 Hanai 19,908
0%
918 Hanaoka 21,384
0%
923 Hanawa 21,313
0%
674 Hasebe 31,107
0%
550 Hashizume 38,822
0%
990 Hatakenaka 19,405
0%
305 Hatakeyama 77,237
0%
805 Hatta 25,408
0%
566 Hayasaka 37,918
0%
840 Hibino 24,284
0%
972 Hikita 19,944
0%
480 Hiraoka 45,784
0%
227 Hirayama 106,710
0%
987 Hiyama 19,513
0%
904 Honson 21,988
0%
965 Honzan 20,097
0%
577 Horii 37,144
0%
682 Horikoshi 30,653
0%
691 Hosono 30,092
0%
466 Hosoya 47,163
0%
896 Hyodo 22,220
0%
413 Hyugawa 55,294
0%
774 Ikegaya 26,558
0%
854 Ikeuchi 23,846
0%
516 Imaizumi 42,342
0%
540 Inomata 39,648
0%
675 Ishigaki 31,024
0%
930 Ishigura 21,062
0%
722 Ishimaru 28,878
0%
583 Ishiwata 36,907
0%
769 Ishizaka 26,635
0%
283 Ishizuka 82,523
0%
816 Isono 25,241
0%
943 Isozaki 20,667
0%
807 Itahashi 25,391
0%
661 Itakura 31,854
0%
590 Iwabuchi 36,481
0%
171 Iwamoto 134,796
0%
875 Iwasawa 23,092
0%
687 Kadowaki 30,377
0%
998 Kajita 19,291
0%
885 Kakinuma 22,676
0%
613 Kaku 34,902
0%
598 Kameda 35,934
0%
688 Kanamori 30,300
0%
685 Kanaya 30,408
0%
714 Kanayama 29,157
0%
835 Kanbara 24,434
0%
866 Kanbayashi 23,436
0%
812 Karasawa 25,297
0%
984 Kariya 19,582
0%
345 Kasahara 67,471
0%
868 Kashiwabara 23,329
0%
735 Kasuya 28,084
0%
571 Kawahata 37,697
0%
745 Kawamata 27,688
0%
348 Kawata 67,096
0%
557 Kawauchi 38,534
0%
375 Kinjo 61,802
0%
549 Kiuchi 38,931
0%
621 Kiyono 34,548
0%
843 Kobori 24,270
0%
692 Kogure 30,031
0%
451 Koide 48,872
0%
644 Koken 33,255
0%
659 Kokubo 32,089
0%
884 Kokubu 22,796
0%
750 Komine 27,365
0%
251 Konpon 95,162
0%
831 Kosuga 24,747
0%
535 Koyanagi 40,441
0%
946 Kumada 20,620
0%
170 Kumagai 135,573
0%
991 Kumakura 19,400
0%
821 Kumasawa 25,023
0%
381 Kunai 60,465
0%
712 Kuramochi 29,265
0%
775 Kuramoto 26,493
0%
846 Kuribayashi 24,214
0%
176 Kurihara 129,376
0%
401 Kurita 57,699
0%
699 Kuroiwa 29,761
0%
882 Kusakabe 22,893
0%
587 Kusano 36,587
0%
839 Kusumoto 24,335
0%
746 Kusunoki 27,654
0%
236 Kuwahara 102,834
0%
647 Maehara 33,040
0%
804 Maejima 25,456
0%
668 Makita 31,504
0%
606 Mashiko 35,255
0%
780 Masui 26,350
0%
995 Masuyama 19,342
0%
792 Meguro 25,739
0%
632 Mihara 33,672
0%
530 Mimura 40,970
0%
630 Miyadokorono 33,927
0%
931 Miyasato 21,027
0%
609 Mizuguchi 35,116
0%
938 Mizumoto 20,851
0%
777 Moriwaki 26,466
0%
707 Motohashi 29,378
0%
499 Murase 44,100
0%
898 Nagae 22,169
0%
845 Nagahama 24,222
0%
731 Nagamine 28,276
0%
464 Nagase 47,267
0%
496 Naikai 44,632
0%
623 Naiya 34,512
0%
741 Nakabayashi 27,972
0%
559 Nakasato 38,421
0%
600 Namiki 35,846
0%
740 Nihei 27,988
0%
834 Nimi 24,460
0%
542 Nishisawa 39,631
0%
853 Nishiwaki 23,848
0%
664 Nokami 31,716
0%
891 Nose 22,438
0%
301 Ochiai 78,070
0%
380 Ogino 60,581
0%
539 Ogiwara 39,812
0%
734 Oguma 28,142
0%
911 Oguri 21,784
0%
611 Ohata 35,073
0%
910 Okawara 21,786
0%
951 Omae 20,507
0%
827 Omata 24,891
0%
900 Onda 22,058
0%
958 Onigashira 20,308
0%
694 Onoda 29,955
0%
814 Onoe 25,268
0%
585 Onuki 36,641
0%
373 Onuma 61,998
0%
277 Osada 84,807
0%
785 Osanai 25,977
0%
189 Osawa 123,563
0%
370 Oshiro 62,585
0%
996 Otaka 19,326
0%
705 Otaki 29,566
0%
562 Otsubo 38,099
0%
724 Owada 28,685
0%
358 Ozeki 65,939
0%
604 Risshaku 35,378
0%
312 Saeki 76,245
0%
948 Sagara 20,542
0%
645 Sakagami 33,179
0%
950 Sakamaki 20,528
0%
869 Sakiyama 23,267
0%
897 Sakurada 22,179
0%
558 San-Kyo 38,520
0%
406 San-Rin 56,965
0%
794 Sanshi 25,721
0%
425 Sanson 51,913
0%
547 Satake 39,270
0%
619 Sekawa 34,618
0%
190 Sekiguchi 121,797
0%
230 Sekine 105,586
0%
531 Sekiya 40,961
0%
528 Senken 41,012
0%
460 Seo 47,912
0%
642 Shibazaki 33,280
0%
387 Shigeki 59,399
0%
678 Shigeta 30,879
0%
979 Shinbo 19,691
0%
922 Shinkai 21,324
0%
518 Shintani 42,095
0%
748 Shiotani 27,556
0%
959 Shiozawa 20,265
0%
526 Shirakawa 41,241
0%
913 Shiroki 21,662
0%
697 Shishido 29,774
0%
914 Shunjitsu 21,530
0%
602 Sone 35,760
0%
700 Suenaga 29,754
0%
938 Sueyoshi 20,851
0%
732 Suganuma 28,267
0%
597 Sugaya 36,045
0%
222 Sugiura 108,341
0%
756 Suiden 27,131
0%
607 Suijo 35,226
0%
937 Sunaga 20,854
0%
783 Sunagawa 26,116
0%
689 Suwa 30,269
0%
855 Suyama 23,794
0%
753 Tabata 27,284
0%
944 Tadokoro 20,646
0%
504 Tahata 43,532
0%
337 Taiboku 68,590
0%
887 Takakura 22,599
0%
726 Takanashi 28,572
0%
450 Takase 48,883
0%
658 Takayanagi 32,160
0%
261 Taketa 92,163
0%
917 Takigawa 21,386
0%
878 Takita 23,026
0%
798 Tanno 25,554
0%
721 Tasaki 28,881
0%
841 Tateno 24,281
0%
524 Taue 41,308
0%
578 Teramoto 37,116
0%
966 Teranishi 20,091
0%
806 Terao 25,399
0%
999 Teraoka 19,277
0%
765 Terasawa 26,749
0%
482 Terashima 45,749
0%
857 Teshima 23,713
0%
751 Tokashi 27,317
0%
517 Tokuda 42,237
0%
341 Tominaga 67,606
0%
596 Tomioka 36,150
0%
787 Tomizawa 25,940
0%
507 Tsuboi 43,128
0%
117 Tsuchiya 178,716
0%
392 Tsukada 58,758
0%
249 Tsukamoto 95,319
0%
811 Tsuruoka 25,311
0%
473 Tsuruta 46,544
0%
310 Tsutsumi 76,693
0%
575 Tsuzuki 37,277
0%
919 Uchimura 21,382
0%
852 Udagawa 23,892
0%
536 Ueki 40,400
0%
633 Ueyama 33,651
0%
988 Ujiie 19,493
0%
940 Ukai 20,785
0%
739 Umemoto 28,007
0%
836 Umemura 24,399
0%
912 Umesawa 21,709
0%
671 Unno 31,186
0%
989 Urabe 19,459
0%
873 Waki 23,128
0%
876 Wakita 23,084
0%
636 Yabe 33,484
0%
983 Yahagi 19,594
0%
681 Yamajiro 30,724
0%
801 Yanagawa 25,522
0%
767 Yanai 26,713
0%
759 Yanase 26,961
0%
858 Yokoo 23,665
0%
532 Yoneyama 40,827
0%
985 Yoshitake 19,543
0%
386 Yoshiwara 59,680
0%
No matching quizzes found
Score Distribution
Percent of People with Each Score
Percentile by Number Answered
Your Score History
You have not taken this quiz